000 00310nam a2200121Ia 4500
008 190216s9999||||xx |||||||||||||| ||und||
100 _aMannur. H.G
245 0 _aInternational Economics Theory And Policy Issues
260 _bVikas Publishing House
_c1983
300 _a388p
650 _aEconomics
942 _cBK
999 _c9725
_d9725